[Event "Asian Games tt (Women)"]
[Site "Hangzhou"]
[Date "2023.10.01"]
[Round "3.24"]
[White "Al Mansouri, Moza"]
[Black "You, Garam"]
[Result "1-0"]
[WhiteElo "1610"]
[BlackElo "1410"]
[PlyCount "57"]
[EventDate "2023.09.29"]
[EventType "team-tourn"]
[EventRounds "9"]
[EventCountry "CHN"]
[SourceTitle "EXT 2024"]
[Source "ChessBase"]
[SourceDate "2023.10.10"]
[SourceVersion "1"]
[SourceVersionDate "2023.10.10"]
[SourceQuality "1"]
[WhiteTeam "United Arab Emirates (W)"]
[BlackTeam "Korea (W)"]
[WhiteTeamCountry "UAE"]
[BlackTeamCountry "KOR"]

1. e4 c6 2. d4 d5 3. exd5 cxd5 4. Bd3 Nc6 5. c3 Nf6 6. Nf3 Bg4 7. 0-0 e6 8. h3 Bh5 9. Bg5 Be7 10. Nbd2 0-0 11. Qc2 Bxf3 12. Nxf3 h6 13. Bf4 Rc8 14. Qe2 a6 15. Ne5 Ne8 16. Bc2 Nf6 17. Qd3 Bd6 18. Ng4 Ne4 19. f3 Bxf4 20. fxe4 dxe4 21. Qxe4 f5 22. Qxe6+ Kh8 23. Rxf4 Qc7 24. Raf1 Rce8 25. Qg6 Ne7 26. Qh5 Qd6 27. Bxf5 Nxf5 28. Rxf5 Rg8 29. Nf6 1-0

[Event "Biel op-B 56th"]
[Site "Biel"]
[Date "2023.07.21"]
[Round "5"]
[White "Gallus, Matthias"]
[Black "Al Mansouri, Moza"]
[Result "1-0"]
[WhiteElo "1729"]
[BlackElo "1571"]
[PlyCount "109"]
[EventDate "2023.07.17"]
[EventType "swiss"]
[EventRounds "9"]
[EventCountry "SUI"]
[SourceTitle "EXT 2024"]
[Source "ChessBase"]
[SourceDate "2023.10.10"]
[SourceVersion "1"]
[SourceVersionDate "2023.10.10"]
[SourceQuality "1"]

1. d4 d5 2. c4 e6 3. Nf3 Nf6 4. Nc3 c5 5. Bg5 cxd4 6. Bxf6 Qxf6 7. Qxd4 Qxd4 8. Nxd4 dxc4 9. e4 a6 10. Bxc4 b5 11. Bb3 Bc5 12. Rd1 Bb7 13. Bc2 0-0 14. 0-0 Nc6 15. Nxc6 Bxc6 16. Rd2 Rac8 17. Rfd1 Bb4 18. Rd4 Bxc3 19. bxc3 Ba8 20. Bb1 Rxc3 21. f3 g6 22. Rd6 Rc6 23. Rd7 Rfc8 24. Kf2 R6c7 25. Rxc7 Rxc7 26. Rd8+ Kg7 27. Rxa8 Rc6 28. Ke3 e5 29. Ra7 Rc3+ 30. Kd2 Ra3 31. Rc7 b4 32. Rc2 a5 33. Rb2 Rc3 34. Bd3 Kf6 35. Rc2 Ra3 36. Bc4 a4 37. Rb2 b3 38. axb3 axb3 39. Bxb3 Ra1 40. Bd5 Rh1 41. h3 Rg1 42. Ke3 Kg5 43. Kf2 Rd1 44. Bxf7 Kf4 45. Bg8 h5 46. Bf7 Kg5 47. g3 Kf6 48. Be8 Rd6 49. Ke2 Kg5 50. h4+ Kf6 51. Rc2 Ke7 52. Rc6 Rd8 53. Bxg6 Rg8 54. Kf2 Rh8 55. Bf5 1-0

[Event "Asia-ch Amateur (Women)"]
[Site "Muscat"]
[Date "2022.10.04"]
[Round "8"]
[White "Al Mansouri, Moza"]
[Black "Al Khelaifi, Aisha"]
[Result "1-0"]
[WhiteElo "1610"]
[BlackElo "1678"]
[PlyCount "65"]
[EventDate "2022.09.29"]
[EventType "swiss"]
[EventRounds "9"]
[EventCountry "OMN"]
[SourceTitle "CBM 210 Extra"]
[Source "ChessBase"]
[SourceDate "2022.11.30"]
[SourceVersion "1"]
[SourceVersionDate "2022.11.30"]
[SourceQuality "1"]

1. e4 e5 2. Nf3 Nf6 3. Nc3 Bb4 4. Nxe5 0-0 5. Nd3 Bxc3 6. dxc3 Nxe4 7. Be3 d6 8. Qf3 Nf6 9. h3 c6 10. 0-0-0 Be6 11. Nf4 Bc8 12. g4 d5 13. Bd3 Nbd7 14. g5 Ne5 15. Qg2 Nxd3+ 16. cxd3 Nd7 17. h4 Ne5 18. Bd4 Qc7 19. Nh5 Bf5 20. Qg3 Rae8 21. f4 Bg6 22. Nxg7 Nxd3+ 23. Rxd3 Bxd3 24. Nxe8 Rxe8 25. Qxd3 Qxf4+ 26. Kb1 b6 27. h5 Re6 28. Rf1 Qg4 29. Qf3 Qe4+ 30. Qxe4 Rxe4 31. b4 Kf8 32. g6 hxg6 33. hxg6 1-0

[Event "Asia-ch Amateur (Women)"]
[Site "Muscat"]
[Date "2022.09.30"]
[Round "2"]
[White "Al Mansouri, Moza"]
[Black "Ahoud, Eisa Bashkardi"]
[Result "1-0"]
[WhiteElo "1610"]
[BlackElo "1347"]
[PlyCount "143"]
[EventDate "2022.09.29"]
[EventType "swiss"]
[EventRounds "9"]
[EventCountry "OMN"]
[SourceTitle "CBM 210 Extra"]
[Source "ChessBase"]
[SourceDate "2022.11.30"]
[SourceVersion "1"]
[SourceVersionDate "2022.11.30"]
[SourceQuality "1"]

1. e4 e5 2. Nf3 Nc6 3. Bb5 Nf6 4. 0-0 Nxe4 5. d4 Nd6 6. dxe5 Nxb5 7. a4 d6 8. e6 Bxe6 9. axb5 Ne5 10. Nd4 Bd7 11. Re1 Be7 12. Nc3 0-0 13. Nd5 Re8 14. Nxe7+ Rxe7 15. Bg5 f6 16. Bh4 Ng6 17. Qh5 Nxh4 18. Qxh4 Qe8 19. f3 Rxe1+ 20. Rxe1 Qf7 21. Re3 Re8 22. Ra3 Qc4 23. Rc3 Qb4 24. h3 c5 25. bxc6 bxc6 26. Rb3 Qe1+ 27. Qxe1 Rxe1+ 28. Kf2 Rd1 29. Ne2 Ra1 30. Rb7 Be8 31. Nd4 g5 32. Nf5 d5 33. Rb8 Kf8 34. Nd6 Ke7 35. Nxe8 Rc1 36. c3 Rc2+ 37. Kg3 c5 38. Ng7 d4 39. cxd4 cxd4 40. Nf5+ Kd7 41. Nxd4 Rd2 42. Nf5 Kc7 43. Rb3 Rd5 44. Ne3 Rc5 45. Rc3 Rxc3 46. Nd5+ Kc6 47. Nxc3 a5 48. Kg4 Kc5 49. Kf5 Kc4 50. Kxf6 Kb3 51. Kxg5 Kxb2 52. Na4+ Kb3 53. Nb6 Kb4 54. f4 Kb5 55. f5 Kc5 56. f6 Kxb6 57. f7 a4 58. f8Q Kb5 59. Kh6 Kc4 60. Qa3 Kb5 61. Kxh7 Ka5 62. g4 Kb5 63. g5 Ka5 64. g6 Kb5 65. g7 Ka5 66. g8Q Kb5 67. Qb8+ Kc6 68. Qxa4+ Kd5 69. Qbb5+ Kd6 70. Qaa6+ Kc7 71. Qbb7+ Kd8 72. Qaa8# 1-0

[Event "Olympiad Women-44"]
[Site "Chennai"]
[Date "2022.08.03"]
[Round "6.1"]
[White "Al Mansouri, Moza"]
[Black "Verbin, Valentina"]
[Result "0-1"]
[WhiteElo "1606"]
[BlackElo "2069"]
[PlyCount "70"]
[EventDate "2022.07.29"]
[EventType "team-swiss"]
[EventRounds "11"]
[EventCountry "IND"]
[SourceTitle "CBM 210"]
[Source "ChessBase"]
[SourceDate "2022.10.31"]
[SourceVersion "1"]
[SourceVersionDate "2022.10.31"]
[SourceQuality "1"]
[WhiteTeam "United Arab Emirates (W)"]
[BlackTeam "Moldova (W)"]
[WhiteTeamCountry "UAE"]
[BlackTeamCountry "MDA"]

1. e4 c5 2. Nf3 d6 3. d4 cxd4 4. Nxd4 Nf6 5. Nc3 a6 6. f4 e5 7. Nf3 Qc7 8. Be3 Nbd7 9. Qd2 b5 10. 0-0-0 Bb7 11. Nd5 Nxd5 12. exd5 Rc8 13. Qf2 Nf6 14. Bb6 Ng4 15. Bxc7 Nxf2 16. Bb6 Nxd1 17. Kxd1 e4 18. Nd4 Bxd5 19. Nf5 g6 20. Ne3 Be6 21. g4 Bg7 22. b3 Rc6 23. Ba7 Rc7 24. Bb8 Rb7 25. Bxd6 Rd7 26. Bg2 Rxd6+ 27. Ke2 f5 28. gxf5 gxf5 29. Bh3 Rf8 30. c4 bxc4 31. bxc4 Bd4 32. Rd1 Ke7 33. a4 Bxe3 34. Rxd6 Kxd6 35. Kxe3 Bxc4 0-1

[Event "Sharjah Rapid op 27th"]
[Site "Sharjah"]
[Date "2022.04.06"]
[Round "3"]
[White "Al Mansouri, Moza"]
[Black "Anood, Ahmad"]
[Result "1-0"]
[WhiteElo "1538"]
[BlackElo "1246"]
[PlyCount "81"]
[EventDate "2022.04.06"]
[EventType "swiss (rapid)"]
[EventRounds "9"]
[EventCountry "UAE"]
[SourceTitle "CBM 207 Extra"]
[Source "ChessBase"]
[SourceDate "2022.05.31"]
[SourceVersion "1"]
[SourceVersionDate "2022.05.31"]
[SourceQuality "1"]

1. e4 c5 2. c3 e6 3. Nf3 a6 4. d4 cxd4 5. cxd4 b5 6. a3 Bb7 7. Nc3 Nf6 8. Bd3 Be7 9. 0-0 0-0 10. Bg5 Re8 11. Qd2 Nc6 12. Bc2 d6 13. Qd3 g6 14. Rac1 Rc8 15. Rfe1 Nh5 16. Bxe7 Qxe7 17. d5 Ne5 18. Nxe5 dxe5 19. d6 Qd7 20. a4 b4 21. Na2 a5 22. Qb5 Qxb5 23. axb5 Red8 24. Red1 Rc5 25. Ba4 Rxc1 26. Nxc1 Bxe4 27. Nb3 Bc2 28. Rd2 Bxb3 29. Bxb3 Nf4 30. b6 Nd5 31. Bxd5 exd5 32. Rxd5 Kf8 33. b7 Ke8 34. d7+ Ke7 35. Rxe5+ Kf6 36. f4 g5 37. Re8 Rxd7 38. b8Q Rd1+ 39. Kf2 gxf4 40. Qxf4+ Kg7 41. Qg5# 1-0